[Event "GER-ch U25-A"]
[Site "Willingen"]
[Date "2017.06.10"]
[Round "9"]
[White "Wenninger, Philipp"]
[Black "Meulner, Fabian"]
[Result "1/2-1/2"]
[WhiteElo "2330"]
[BlackElo "2066"]
[PlyCount "47"]
[EventDate "2017.06.04"]
[EventType "swiss"]
[EventRounds "9"]
[EventCountry "GER"]
[SourceTitle "CBM 178 Extra"]
[Source "ChessBase"]
[SourceDate "2017.06.22"]
[SourceVersion "1"]
[SourceVersionDate "2017.06.22"]
[SourceQuality "1"]

1. d4 f5 2. g3 Nf6 3. Bg2 g6 4. Nf3 Bg7 5. 0-0 0-0 6. b3 d6 7. Bb2 c6 8. c4 Qc7 9. Qc2 Re8 10. Nbd2 e5 11. dxe5 dxe5 12. e4 c5 13. Rae1 Nc6 14. a3 a5 15. Qb1 Bd7 16. Bc3 Nd4 17. b4 b6 18. Nh4 f4 19. gxf4 Nh5 20. fxe5 Bxe5 21. Bxd4 cxd4 22. Nhf3 Nf4 23. Qb3 axb4 24. axb4 1/2-1/2

[Event "GER-ch U25-A"]
[Site "Willingen"]
[Date "2017.06.06"]
[Round "4"]
[White "Knuedel, Torben"]
[Black "Meulner, Fabian"]
[Result "0-1"]
[WhiteElo "1842"]
[BlackElo "2066"]
[PlyCount "152"]
[EventDate "2017.06.04"]
[EventType "swiss"]
[EventRounds "9"]
[EventCountry "GER"]
[SourceTitle "CBM 178 Extra"]
[Source "ChessBase"]
[SourceDate "2017.06.22"]
[SourceVersion "1"]
[SourceVersionDate "2017.06.22"]
[SourceQuality "1"]

1. e4 d6 2. d4 Nf6 3. Nc3 c6 4. f4 Qa5 5. Bd2 e5 6. dxe5 dxe5 7. fxe5 Ng4 8. Nf3 Bc5 9. Qe2 Bf2+ 10. Kd1 Bc5 11. Kc1 Qc7 12. g3 Nxe5 13. Bf4 Bd6 14. Qd2 0-0 15. Be2 Qe7 16. Rd1 Bc7 17. Nxe5 Bxe5 18. Bxe5 Qxe5 19. Qf4 Qe7 20. a3 Be6 21. b3 Nd7 22. Kb2 Qc5 23. Rd2 Ne5 24. b4 Nc4+ 25. Bxc4 Qxc4 26. Rad1 a5 27. Rd4 Qa6 28. bxa5 Qxa5 29. Ra4 Qb6+ 30. Rb4 Qa5 31. Ra4 Qc5 32. Qd6 Qxd6 33. Rxd6 Rxa4 34. Nxa4 Re8 35. Nc5 Bc8 36. Kc3 Kf8 37. Kd3 Ke7 38. Rd4 f6 39. Rb4 b5 40. c4 Kd6 41. Nb3 bxc4+ 42. Kxc4 Rxe4+ 43. Kc3 Rxb4 44. Kxb4 Be6 45. Nc5 Bd5 46. a4 Kc7 47. Nd3 g5 48. a5 f5 49. Kc5 Be4 50. Nf2 Bf3 51. Nd3 Be2 52. Ne5 f4 53. gxf4 gxf4 54. Nxc6 f3 55. Ne7 f2 56. Nd5+ Kb7 57. Ne3 Ka6 58. Kb4 Bb5 59. h4 f1Q 60. Nxf1 Bxf1 61. Ka4 h5 62. Kb4 Bb5 63. Kc5 Kxa5 64. Kd4 Kb4 65. Ke3 Kc3 66. Kf4 Kd4 67. Kg5 Be2 68. Kf4 Bg4 69. Kg3 Ke3 70. Kg2 Kf4 71. Kf2 Bf3 72. Kg1 Kg3 73. Kf1 Kxh4 74. Kf2 Kg4 75. Kg1 Kg3 76. Kf1 h4 0-1

[Event "Forchheim op-B 15th"]
[Site "Forchheim"]
[Date "2016.10.02"]
[Round "4"]
[White "Moenius, Alexander"]
[Black "Meulner, Fabian"]
[Result "0-1"]
[WhiteElo "1893"]
[BlackElo "1870"]
[PlyCount "33"]
[EventDate "2016.10.01"]
[EventType "swiss"]
[EventRounds "5"]
[EventCountry "GER"]
[SourceTitle "EXT 2019"]
[Source "ChessBase"]
[SourceDate "2018.10.10"]
[SourceVersion "1"]
[SourceVersionDate "2018.10.10"]
[SourceQuality "1"]

1. Nf3 d6 2. g3 e5 3. d3 f5 4. Nc3 Nf6 5. e4 Nc6 6. exf5 Bxf5 7. Bg2 Qd7 8. Bd2 Be7 9. Qe2 0-0 10. 0-0 Rae8 11. Be3 Bg4 12. Qd2 Bh3 13. Bxh3 Qxh3 14. Ng5 Qd7 15. f4 Ng4 16. fxe5 Ngxe5 17. Qe2 0-1

[Event "Pyramiden Franken Cup"]
[Site "Fuerth"]
[Date "2016.09.04"]
[Round "7"]
[White "Beesk, Kevin"]
[Black "Meulner, Fabian"]
[Result "1-0"]
[WhiteElo "1965"]
[BlackElo "1870"]
[PlyCount "57"]
[EventDate "2016.09.01"]
[EventType "swiss"]
[EventRounds "7"]
[EventCountry "GER"]
[SourceTitle "CBM 174 Extra"]
[Source "ChessBase"]
[SourceDate "2016.10.10"]
[SourceVersion "1"]
[SourceVersionDate "2016.10.10"]
[SourceQuality "1"]

1. e4 g6 2. d4 Bg7 3. Nc3 c5 4. dxc5 Bxc3+ 5. bxc3 Nf6 6. Qd4 Qa5 7. Qb4 Qc7 8. Nf3 b6 9. cxb6 axb6 10. Bd3 Na6 11. Qd4 Nc5 12. a4 d6 13. 0-0 Bd7 14. e5 dxe5 15. Nxe5 0-0 16. Nxd7 Nfxd7 17. f4 e5 18. fxe5 Qxe5 19. Bb5 Rfd8 20. Bf4 Qg7 21. Bg5 f6 22. Bxf6 Nxf6 23. Qxf6 Qxf6 24. Rxf6 Rab8 25. Re1 Kg7 26. Rc6 Rb7 27. a5 Nd7 28. a6 Ra7 29. Rd6 1-0

[Event "Bayernliga U20 1415"]
[Site "Bayern"]
[Date "2015.01.24"]
[Round "4.1"]
[White "Meulner, Fabian"]
[Black "Eichler, Alexander"]
[Result "1/2-1/2"]
[WhiteElo "1832"]
[BlackElo "1761"]
[PlyCount "63"]
[EventDate "2014.11.15"]
[EventType "team-tourn"]
[EventRounds "7"]
[EventCountry "GER"]
[SourceTitle "EXT 2022"]
[Source "ChessBase"]
[SourceDate "2021.10.06"]
[SourceVersion "1"]
[SourceVersionDate "2021.10.06"]
[SourceQuality "1"]
[WhiteTeam "Nuernberg Sued SW U20"]
[BlackTeam "Muenchen Tarrasch U20"]
[WhiteTeamCountry "GER"]
[BlackTeamCountry "GER"]

1. g3 Nf6 2. Bg2 c5 3. d3 g6 4. e4 Nc6 5. c4 Bg7 6. Nc3 0-0 7. Nge2 d6 8. 0-0 Rb8 9. h3 a6 10. f4 Nd7 11. Kh2 b5 12. cxb5 axb5 13. Be3 b4 14. Na4 Ba6 15. Rc1 Bb5 16. b3 Ra8 17. e5 Nb6 18. Nxc5 dxc5 19. Rxc5 Qxd3 20. Qxd3 Bxd3 21. Rxc6 Rxa2 22. Rf2 Rc8 23. Rxc8+ Nxc8 24. Nc1 Rxf2 25. Bxf2 Bc2 26. Bb7 Bf5 27. Bc5 f6 28. exf6 Bxf6 29. g4 Bd7 30. g5 Bc3 31. Bxc8 Bxc8 32. Nd3 1/2-1/2

[Event "Bayernliga U20 1415"]
[Site "Bayern"]
[Date "2014.12.13"]
[Round "3.1"]
[White "Meulner, Fabian"]
[Black "Klek, Hanna Marie"]
[Result "0-1"]
[WhiteElo "1832"]
[BlackElo "2311"]
[PlyCount "68"]
[EventDate "2014.11.15"]
[EventType "team-tourn"]
[EventRounds "7"]
[EventCountry "GER"]
[SourceTitle "EXT 2022"]
[Source "ChessBase"]
[SourceDate "2021.10.06"]
[SourceVersion "1"]
[SourceVersionDate "2021.10.06"]
[SourceQuality "1"]
[WhiteTeam "Nuernberg Sued SW U20"]
[BlackTeam "Erlangen SC U20"]
[WhiteTeamCountry "GER"]
[BlackTeamCountry "GER"]

1. d4 Nf6 2. Bg5 c5 3. d5 g6 4. Nc3 Bg7 5. e4 d6 6. f4 0-0 7. Nf3 a6 8. a4 Qa5 9. Nd2 Ng4 10. Qf3 b5 11. h3 Nh6 12. Nb3 Qc7 13. axb5 f6 14. Bxh6 Bxh6 15. h4 f5 16. e5 Nd7 17. h5 g5 18. fxg5 Nxe5 19. Qf4 Bg7 20. bxa6 Ng4 21. h6 Be5 22. Qf3 c4 23. Nd2 Rxa6 24. Rxa6 Bxa6 25. g6 hxg6 26. Rh4 Qc8 27. Be2 Bf6 28. Rh3 Qc5 29. Nde4 Qg1+ 30. Kd2 Bd4 31. Nd1 Ne5 32. h7+ Kh8 33. Qa3 fxe4 34. Qxa6 Qxg2 0-1

[Event "Regionalliga NO 1415"]
[Site "Bayern"]
[Date "2014.10.19"]
[Round "1.3"]
[White "Meulner, Fabian"]
[Black "Feldheim, Jonas"]
[Result "0-1"]
[WhiteElo "1832"]
[BlackElo "2045"]
[PlyCount "38"]
[EventDate "2014.10.19"]
[EventType "team-tourn"]
[EventRounds "9"]
[EventCountry "GER"]
[SourceTitle "EXT 2018"]
[Source "ChessBase"]
[SourceDate "2017.10.13"]
[SourceVersion "1"]
[SourceVersionDate "2017.10.13"]
[SourceQuality "1"]
[WhiteTeam "Nuernberg Sued SW II"]
[BlackTeam "Bechhofen"]
[WhiteTeamCountry "GER"]
[BlackTeamCountry "GER"]

1. e4 e6 2. d4 d5 3. Nc3 Nf6 4. e5 Nfd7 5. f4 c5 6. Nf3 Nc6 7. Be3 Be7 8. Qd2 0-0 9. 0-0-0 c4 10. Ne2 b5 11. g4 b4 12. c3 Qa5 13. Kb1 Nb6 14. h4 Rb8 15. Ng5 Na4 16. Qc2 g6 17. Bd2 b3 18. axb3 cxb3 19. Qc1 Nc5 0-1